| 000 | 00380nam a2200145Ia 4500 | ||
|---|---|---|---|
| 005 | 20251222153641.0 | ||
| 008 | 251222s9999||||xx |||||||||||||| ||spa|| | ||
| 020 | _a9972603687 | ||
| 082 | _a658.408.098.5/B43 | ||
| 100 | _aBenavides de Burga, Marcela | ||
| 245 | 0 | _aResponsabilidad Social Empresarial: | |
| 250 | _a1ra.ed. | ||
| 264 | _bUniversidad del PacĂfico | ||
| 942 | _cLIB | ||
| 999 |
_c32732 _d32732 |
||